Государственная публичная библиотека имени М.Е. Салтыкова-Щедрина... ... в 1959 году (Запись № 9504595)

Подробности
000 -МАРКЕР
контрольное поле 02604nam2a22003971 4500
001 - ИДЕНТИФИКАТОР ЗАПИСИ
контрольное поле rc\4738243
005 - ИДЕНТИФИКАТОР ВЕРСИИ
контрольное поле 20250612164858.0
010 ## - МЕЖДУНАРОДНЫЙ СТАНДАРТНЫЙ НОМЕР КНИГИ (ISBN)
Уточнения В пер.
Цена 6 р. [с 1/1 1961 г. - 60 к.]
Тираж 2600
021 ## - НОМЕР ГОСУДАРСТВЕННОЙ РЕГИСТРАЦИИ
Код страны российская федерация
Номер [61-3045]
035 ## - ДРУГИЕ СИСТЕМНЫЕ НОМЕРА
Идентификатор записи (NLR Aleph) 008736049
100 ## - ДАННЫЕ ОБЩЕЙ ОБРАБОТКИ
Данные общей обработки 20130416d1960 |||y0rusy50 ca
101 0# - ЯЗЫК РЕСУРСА
Язык текста, звукозаписи и т.д. русский
102 ## - СТРАНА ПУБЛИКАЦИИ ИЛИ ПРОИЗВОДСТВА
Страна публикации российская федерация
105 ## - ПОЛЕ КОДИРОВАННЫХ ДАННЫХ: ТЕКСТОВЫЕ МАТЕРИАЛЫ, МОНОГРАФИЧЕСКИЕ
Кодированные данные о монографическом текстовом документе a z |||||
135 ## - ПОЛЕ КОДИРОВАННЫХ ДАННЫХ: ЭЛЕКТРОННЫЕ РЕСУРСЫ
Кодированные данные для электронного ресурса crmn mmmanaba
135 ## - ПОЛЕ КОДИРОВАННЫХ ДАННЫХ: ЭЛЕКТРОННЫЕ РЕСУРСЫ
Кодированные данные для электронного ресурса crmn mmmanaba
135 ## - ПОЛЕ КОДИРОВАННЫХ ДАННЫХ: ЭЛЕКТРОННЫЕ РЕСУРСЫ
Кодированные данные для электронного ресурса crmn mmmanaba
200 0# - ЗАГЛАВИЕ И СВЕДЕНИЯ ОБ ОТВЕТСТВЕННОСТИ
Основное заглавие ... в 1959 году
Первые сведения об ответственности Змеева Н. Я.
Последующие сведения об ответственности ред. В.М. Барашенков
210 ## - ПУБЛИКАЦИЯ, РАСПРОСТРАНЕНИЕ И ДР.
Дата издания, распространения и т.д. 1960
Место издания, распространения и т.д. Б. м.
215 ## - ФИЗИЧЕСКАЯ ХАРАКТЕРИСТИКА
Специфическое обозначение материала и объем 146 с., 4 л. ил.
Другие сведения о физической характеристике ил.
Размеры 22
320 ## - ПРИМЕЧАНИЯ О НАЛИЧИИ В ДОКУМЕНТЕ БИБЛИОГРАФИИ / УКАЗАТЕЛЯ
Текст примечания "Список книг, брошюр и журнальных статей, опубликованных сотрудниками Публичной библиотеки в 1959 г. в различных изданиях": с. 138-143
325 1# - ПРИМЕЧАНИЕ О КОПИИ
Текст примечания Копия доступна в электронной библиотеке РНБ
461 #0 - УРОВЕНЬ НАБОРА
Встроенное поле 001rc\4738242
-- 2001#$aГосударственная публичная библиотека имени М.Е. Салтыкова-Щедрина...$fМ-во культуры РСФСР. Гос. ордена Трудового Красного Знамени публ. б-ка им. М.Е. Салтыкова-Щедрина$v... в 1959 году
Системный номер (АБИС) связанной записи 9504591
Автор Публичная библиотека им. М. Е. Салтыкова-Щедрина (Ленинград)
Место публикации Ленинград
Дата публикации 1960-1969
Первые сведения об ответственности М-во культуры РСФСР. Гос. ордена Трудового Красного Знамени публ. б-ка им. М.Е. Салтыкова-Щедрина
Заглавие Государственная публичная библиотека имени М.Е. Салтыкова-Щедрина...
Номер тома ... в 1959 году
701 #1 - ИМЯ ЛИЦА - АЛЬТЕРНАТИВНАЯ ОТВЕТСТВЕННОСТЬ
Графика поля Кириллица
Материалы, к которым относится поле rus
Начальный элемент ввода Змеева
Часть имени, кроме начального элемента ввода Н. Я.
Даты 1909-1988
Расширение инициалов личного имени Нина Яковлевна
Системный номер авторитетной/нормативной записи 219379
Идентификатор авторитетной/нормативной записи RU\NLR\AUTH\770219435
702 #1 - ИМЯ ЛИЦА - ВТОРИЧНАЯ ОТВЕТСТВЕННОСТЬ
Код отношения Редактор
Графика поля Кириллица
Материалы, к которым относится поле rus
Начальный элемент ввода Барашенков
Часть имени, кроме начального элемента ввода В. М.
Даты 1905-1983
Расширение инициалов личного имени Виктор Михайлович
Системный номер авторитетной/нормативной записи 218421
Идентификатор авторитетной/нормативной записи RU\NLR\AUTH\770218477
801 #0 - ИСТОЧНИК ЗАПИСИ
Страна российская федерация
Организация NLR
Дата составления 20130416
Правила каталогизации psbo
801 #1 - ИСТОЧНИК ЗАПИСИ
Страна российская федерация
Организация ELAR
Дата составления 20130416
Источник данных rusmarc
801 #2 - ИСТОЧНИК ЗАПИСИ
Страна российская федерация
Организация NLR
Дата составления 20151028
Источник данных rusmarc
852 ## - МЕСТОНАХОЖДЕНИЕ И ШИФР ХРАНЕНИЯ
Идентификатор организации NLR
Наименование фонда или коллекции (Sub-Location Identifier) Б
Шифр хранения (Call Number) 6040.065/1959
901 ## - ДАННЫЕ ОБ ОБЪЕКТЕ ОЦИФРОВКИ
-- Книжные издания
942 ## - ДОПОЛНИТЕЛЬНЫЕ ЭЛЕМЕНТЫ ЗАПИСИ (АБИС)
Тип экземпляра АБИС Книга
980 ## - КОЛЛЕКЦИЯ
Название коллекции Национальная библиография
981 43 - КОЛЛЕКЦИЯ ЭЛЕКТРОННОЙ БИБЛИОТЕКИ
Название коллекции Тематическая подборка Санкт-Петербург
Название подколлекции 11.1. Библиотеки
981 18 - КОЛЛЕКЦИЯ ЭЛЕКТРОННОЙ БИБЛИОТЕКИ
Название коллекции Планета РНБ
Название подколлекции Труды сотрудников РНБ
Экземпляры
Тип экземпляра Дата поступления Библиотека постоянного хранения Библиотека текущего хранения Место хранения Шифр хранения Штрих-код Статус не для выдачи
Книга 26.10.2013 РНБ (Садовая) РНБ (Садовая) Фонд литературы по библиотековедению Б 6040.065/1959 8736049-10